| 000 | 00926nas a2200289 4500 | ||
|---|---|---|---|
| 001 | BR0806085 | ||
| 003 | BR-BrBNA | ||
| 005 | 20231205112125.0 | ||
| 007 | ta | ||
| 008 | 230509b bl.|||p| |||| 00| 00por d | ||
| 040 |
_aBR-BrBNA _bpor _cBiblioteca Nacional de Agricultura |
||
| 041 | _a(Pt) | ||
| 072 | _aL50; P01 | ||
| 100 | 1 | _aValle, S. de F. | |
| 100 | 1 | _aAllgayer, M. da C. | |
| 100 | 1 | _aPereira, R.A. | |
| 100 | 1 | _aBarcellos, L.J.G. | |
| 100 | 1 | _aHlavae, N.R.C. | |
| 100 | 1 | _aFrança, R.T.¨ | |
| 100 | 1 | _aLocatelli, M.L. | |
| 245 | 1 | _aParâmetros de bioquímica sérica de machos, fêmeas e filhotes de Araras canindé (Ara ararauna)saudáveis mantidas em cativeiro comercial | |
| 650 | _aARARA | ||
| 650 | _aBIOQUÍMICA ANIMAL | ||
| 773 | 0 |
_tCiência Rural (Brazil) _xISSN 0103-8478 _g(May-Jun 2008), v. 38(3) p. 711-716 _wBR0806085 |
|
| 909 |
_a202311 _bLúcia _c55 _dLúcia Elande |
||
| 942 |
_2AGRIS _n0 _cANA |
||
| 999 |
_c196216 _d196216 |
||